|
|
|
|
| LEADER |
00000nam a2200000 i 4500 |
| 001 |
DIGTRO0275 |
| 003 |
NyNyDIG |
| 007 |
cr ||||||||||| |
| 008 |
240124t20231978sp ob 001 0 spa d |
| 006 |
m o d |
| 035 |
|
|
|a (OCoLC)1419044133
|
| 040 |
|
|
|a DGITA
|b eng
|e rda
|e pn
|c DGITA
|
| 020 |
|
|
|a 9788413641577
|q (edición digital e-pub)
|
| 020 |
|
|
|z 9788481647235
|
| 041 |
1 |
|
|a spa
|h ger
|
| 050 |
1 |
4 |
|a BT102 ebook
|
| 082 |
0 |
4 |
|a 231
|2 23
|
| 100 |
1 |
|
|a Küng, Hans,
|d 1928-2021,
|e author.
|
| 240 |
1 |
0 |
|a Existiert Gott?.
|l Spanish
|s (Bravo Navalpotro)
|
| 245 |
1 |
0 |
|a ¿Existe Dios? :
|b respuesta al problema de Dios en nuestro tiempo /
|c Hans Küng ; traducción de José María Bravo Navalpotro.
|
| 250 |
|
|
|a Cuarta edición.
|
| 264 |
|
1 |
|a [Madrid] :
|b Editorial Trotta,
|c [2023]
|
| 264 |
|
4 |
|c ©1978
|
| 300 |
|
|
|a 1 online resource.
|
| 336 |
|
|
|a text
|b txt
|2 rdacontent
|
| 337 |
|
|
|a computer
|b c
|2 rdamedia
|
| 338 |
|
|
|a online resource
|b cr
|2 rdacarrier
|
| 347 |
|
|
|a text file
|2 rdaft
|
| 347 |
|
|
|b EPUB
|
| 490 |
1 |
|
|a Colección Estructuras y procesos. Serie Religión
|
| 504 |
|
|
|a Includes bibliographical references and index.
|
| 588 |
0 |
|
|a Online resource; title from ePub title page (Digitalia, viewed January 24, 2024)
|
| 650 |
|
0 |
|a God (Christianity)
|
| 650 |
|
0 |
|a God (Christianity)
|x History of doctrines.
|
| 700 |
1 |
|
|a Bravo Navalpotro, José María,
|e translator.
|
| 700 |
1 |
|
|i Translation of:
|a Küng, Hans,
|d 1928-2021.
|t Existiert Gott?.
|
| 791 |
2 |
|
|a Digitalia (Firm),
|e distributor.
|
| 793 |
0 |
|
|g Digitalia eBook Collection:
|a Trotta Editorial
|
| 776 |
0 |
8 |
|i Print version:
|a Küng, Hans, 1928-2021.
|s Existiert Gott?. Spanish (Bravo Navalpotro).
|t ¿Existe Dios?.
|b 2a ed.
|d Madrid : Editorial Trotta, [2010]
|z 9788481647235
|
| 830 |
|
0 |
|a Colección Estructuras y procesos.
|p Serie Religión.
|
| 856 |
4 |
0 |
|3 Digitalia Hispánica
|u https://www.digitaliapublishing.com/a/131989/
|
| 910 |
|
|
|a Premium collection: 2024
|